Daň z příjmů právnických osob státních organizací a obcí ve sféře místních rozpočtů. 3

Sadzby dane z príjmov, údaje pre zostavenie daňového priznania a preúčtovanie daňovej povinnosti a platieb. Správa daní. Vykazovanie dane v polročných zostavách v rozsahu ročnej účtovnej závierky.

Saved in:
Bibliographic Details
Main Author: Lehkoživ, J.
Other Authors: Šmíd, Vítězslav
Format: Book Chapter
Language:Czech
Subjects:
Tags: Add Tag
No Tags, Be the first to tag this record!

MARC

LEADER 00000naa a2200000 4500
001 r024261
005 20221213083329.6
041 0 |a cze 
044 |a CZ 
245 1 0 |a Daň z příjmů právnických osob státních organizací a obcí ve sféře místních rozpočtů. 3  |c J. Lehkoživ, Vítězslav Šmíd 
520 |a Sadzby dane z príjmov, údaje pre zostavenie daňového priznania a preúčtovanie daňovej povinnosti a platieb. Správa daní. Vykazovanie dane v polročných zostavách v rozsahu ročnej účtovnej závierky. 
610 2 0 |a dane z príjmov 
610 2 0 |a účtovanie 
610 2 0 |a účty 
610 2 0 |a organizácie rozpočtové 
610 2 0 |a organizácie príspevkové 
610 2 0 |a okresy 
610 2 0 |a obce 
610 2 0 |a predpisy právne 
610 2 0 |a Česko 
610 2 0 |a priznania daňové 
610 2 0 |a sadzby daňové 
610 2 0 |a závierka účtovná 
100 1 |a Lehkoživ, J. 
700 1 |a Šmíd, Vítězslav